| 000 | 00437nam a2200169 a 4500 | ||
|---|---|---|---|
| 001 | 3625 | ||
| 003 | CDMR | ||
| 005 | 20130611110931.0 | ||
| 008 | 130130s2000||||||||||||||||||||||||||||d | ||
| 020 | _a8477272905 | ||
| 040 |
_aCDMR _bcat _cCDMR |
||
| 100 | 1 |
_aMonzó, Quim _92586 |
|
| 245 | 1 | 0 |
_aTot és mentida _cQuim Monzó |
| 260 |
_aBarcelona _c2000 _bQuaderns Crema |
||
| 490 | 0 |
_aBiblioteca mínima (Quaderns Crema) _v81 |
|
| 942 |
_cMON _2udc |
||
| 999 |
_c3625 _d3625 |
||